Statistics for Space Trivia #1

Click here to take the quiz!

General Stats

  • This quiz has been taken 64 times
    (61 since last reset)
  • The average score is 4 of 5

Answer Stats

QuestionAnswer% Correct
Which is our planet?Earth
100%
What is now called a dwarf planet but before it wasn’t?Pluto
100%
Which is the closest and smallest planet to the sun?Mercury
96%
Which planet is the largest in the solar system?Jupiter
95%
Which star is closest to earth?Alpha Centauri
21%

Score Distribution

Percentile by Number Answered

Percent of People with Each Score

Your Score History

You have not taken this quiz since the last reset